| 000 | 00355nam a2200133Ia 4500 | ||
|---|---|---|---|
| 008 | 240624s9999 xx 000 0 und d | ||
| 041 | _aeng | ||
| 082 | _a658.4092 CAL | ||
| 100 | _aCALDWELL CAM | ||
| 245 | _aMORAL LEADERSHIP A TRANSFORMATIVE MODEL | ||
| 260 |
_c2012 _aNew York _bBusiness Expert Press |
||
| 300 | _axi, 219 p,: 23 cm. | ||
| 365 |
_cRS _b38 |
||
| 999 |
_c31197 _d31197 |
||